Most Popular Movie of Each Year on Letterboxd - Statistics

General Stats
  • This quiz has been taken 64 times
  • The average score is 44 of 101
Answer Stats
Year Director Genre Answer % Correct
2019 Bong Joon-Ho Thriller Parasite
96%
1931 Fritz Lang Thriller M
93%
2014 Christopher Nolan Science-Fiction Interstellar
89%
2023 Greta Gerwig Comedy Barbie
87%
2010 Christopher Nolan Action Inception
87%
2017 Jordan Peele Horror Get Out
85%
2021 Denis Villeneuve Science-Fiction Dune
82%
2012 Quentin Tarantino Western Django Unchained
80%
2003 Quentin Tarantino Action Kill Bill: Vol. 1
80%
2025 Bong Joon-Ho Science-Fiction Mickey 17
76%
1994 Quentin Tarantino Crime Pulp Fiction
76%
1972 Francis Ford Coppola Crime The Godfather
76%
2016 Damien Chazelle Romance La La Land
75%
1960 Alfred Hitchcock Horror Psycho
73%
1980 Stanley Kubrick Horror The Shining
73%
2008 Christopher Nolan Action The Dark Knight
71%
2009 Quentin Tarantino Thriller Inglourious Basterds
69%
1974 Francis Ford Coppola Crime The Godfather Part II
67%
1968 Stanley Kubrick Science-Fiction 2001: A Space Odyssey
65%
1979 Ridley Scott Science-Fiction Alien
65%
1999 David Fincher Thriller Fight Club
65%
1987 Stanley Kubrick War Full Metal Jacket
65%
1993 Steven Spielberg Adventure Jurassic Park
65%
1977 George Lucas Science-Fiction Star Wars
65%
1975 Steven Spielberg Horror Jaws
64%
1992 Quentin Tarantino Crime Reservoir Dogs
64%
1990 Martin Scorsese Crime Goodfellas
62%
1995 David Fincher Thriller Se7en
62%
1958 Alfred Hitchcock Thriller Vertigo
62%
2022 Daniel Kwan, Daniel Scheinert Science-Fiction Everything Everywhere All at Once
60%
2001 Hayao Miyazaki Fantasy Spirited Away
60%
1971 Stanley Kubrick Thriller A Clockwork Orange
58%
1985 Robert Zemeckis Science-Fiction Back to the Future
56%
1976 Martin Scorsese Crime Taxi Driver
56%
2013 Martin Scorsese Comedy The Wolf of Wall Street
56%
1954 Alfred Hitchcock Mystery Rear Window
55%
2024 Coralie Fargeat Horror The Substance
55%
1981 Steven Spielberg Adventure Raiders of the Lost Ark
51%
1966 Sergio Leone Western The Good, the Bad and the Ugly
51%
1941 Orson Welles Drama Citizen Kane
49%
1957 Sidney Lumet Drama 12 Angry Men
47%
1991 Jonathan Demme Horror The Silence of the Lambs
47%
2018 Bob Persichetti, Peter Ramsey, Rodney Rothman Action Spider-Man: Into the Spider-Verse
45%
1982 Ridley Scott Science-Fiction Blade Runner
44%
1964 Stanley Kubrick Comedy Dr Strangelove or: How I Learned to Stop Worrying and Love the Bomb
44%
1978 John Carpenter Horror Halloween
44%
2015 Pete Docter Drama Inside Out
44%
1996 Wes Craven Horror Scream
42%
1963 Alfred Hitchcock Thriller The Birds
42%
1973 William Friedkin Horror The Exorcist
42%
1939 Victor Fleming Fantasy The Wizard of Oz
42%
2002 Steven Spielberg Drama Catch Me If You Can
40%
2007 Brad Bird Comedy Ratatouille
38%
1989 Peter Weir Drama Dead Poets Society
36%
1983 Brian De Palma Crime Scarface
36%
1952 Stanley Donen, Gene Kelly Comedy Singin' in the Rain
36%
1937 David Hand, Ben Sharpsteen, William Cottrell, Larry Morey, Perce Pearce, Wilfred Jackson Fantasy Snow White and the Seven Dwarfs
36%
1962 David Lean History Lawrence of Arabia
35%
2020 Pete Docter Fantasy Soul
35%
1998 Peter Weir Drama The Truman Show
35%
1930 Lewis Milestone War All Quiet on the Western Front
33%
1942 Michael Curtiz Romance Casablanca
33%
1986 John Hughes Comedy Ferris Bueller's Day Off
33%
1997 Gus Van Sant Drama Good Will Hunting
33%
1946 Frank Capra Drama It's a Wonderful Life
33%
1927 Fritz Lang Science-Fiction Metropolis
33%
1936 Charlie Chaplin Comedy Modern Times
33%
1988 Hayao Miyazaki Fantasy My Neighbour Totoro
33%
2004 Michel Gondry Romance Eternal Sunshine of the Spotless Mind
31%
2000 Mary Harron Thriller American Psycho
29%
1984 Wim Wenders Drama Paris, Texas
29%
1948 Alfred Hitchcock Crime Rope
29%
1959 Billy Wilder Comedy Some Like It Hot
29%
2005 Joe Wright Romance Pride & Prejudice
25%
1950 Billy Wilder Drama Sunset Boulevard
25%
1940 Hamilton Luske, Ben Sharpsteen, Norman Ferguson, T. Hee, Jack Kinney, Bill Roberts, Wilfred Jackson Fantasy Pinocchio
24%
1965 Robert Wise Drama The Sound of Music
24%
2011 Nicolas Winding Refn Thriller Drive
22%
1949 Carol Reed Mystery The Third Man
22%
1926 Clyde Bruckman, Buster Keaton Comedy The General
20%
1967 Mike Nichols Drama The Graduate
20%
1956 Stanley Kubrick Thriller The Killing
20%
1961 Blake Edwards Romance Breakfast at Tiffany's
18%
1951 Clyde Geronimi, Wilfred Jackson, Hamilton Luske Fantasy Alice in Wonderland
16%
1925 Sergei Eisenstein War Battleship Potemkin
16%
1935 James Whale Horror Bride of Frankenstein
16%
1944 Billy Wilder Crime Double Indemnity
16%
1934 Frank Capra Romance It Happened One Night
16%
1955 Charles Laughton Thriller The Night of the Hunter
16%
1938 Howard Hawks Comedy Bringing Up Baby
15%
1928 Carl Theodor Dreyer History The Passion of Joan of Arc
15%
1945 David Lean Romance Brief Encounter
13%
2006 Valerie Faris, Jonathan Dayton Drama Little Miss Sunshine
13%
1969 John Schlesinger Drama Midnight Cowboy
13%
1970 Wolfgang Reitherman Adventure The Aristocats
13%
1932 Tod Browning Drama Freaks
9%
1933 Ernest B. Schoedsack, Merian C. Cooper Fantasy King Kong
9%
1947 Emeric Pressburger, Michael Powell Drama Black Narcissus
7%
1953 William Wyler Romance Roman Holiday
5%
1943 Alfred Hitchcock Mystery Shadow of a Doubt
5%
1929 G.W. Pabst Drama Pandora's Box
4%
No matching quizzes found
Score Distribution
Percent of People with Each Score
Percentile by Number Answered
Your Score History
You have not taken this quiz